00291nam a2200121Ia 45000030006000000080041000060400015000471000022000622450028000842600028001125460012001400050017001520STCL150530s9999 xx 000 0 und d aSTCLcSTCL aHome Library club aWorlds best Photographs bHome library clubc1965 aEnglish20220125170619.0